Interdisciplinarity in theory and practice Journal for Presentation of Interdisciplinary Approaches in Various Fields

Guardado en:
Detalles Bibliográficos
Formato: Seriadas
Lenguaje:inglés
Publicado: Arad Adoram 2018
Etiquetas: Agregar Etiqueta
Sin Etiquetas, Sea el primero en etiquetar este registro!

MARC

LEADER 00000nas2a2200000 4500
001 0247526
005 20180907073831.3
022 |a 2344-2409 
041 0 |a eng 
044 |a RO 
245 1 0 |a Interdisciplinarity in theory and practice  |b Journal for Presentation of Interdisciplinary Approaches in Various Fields 
264 1 |a Arad  |b Adoram  |c 2018 
773 0 |w eu_un_cat*0211851